Micks by Picture - Statistics

General Stats
  • This quiz has been taken 31 times
  • The average score is 4 of 7
Answer Stats
Picture Answer % Correct
Mickey Mouse
100%
Mick Jagger
97%
Mickey Rooney
77%
Mickey Mantle
50%
Mickey Rourke
40%
Mick Fleetwood
33%
Mick Foley
27%
No matching quizzes found
Score Distribution
Percent of People with Each Score
Percentile by Number Answered
Your Score History
You have not taken this quiz